000 00931nam a22003017a 4500
001 BR0700339
003 BR-BrBNA
005 20230928102323.0
007 ta
008 230509b bl.||||| |||| 00| 0 por d
040 _aBR-BrBNA
_bpor
_cBiblioteca Nacional de Agricultura
041 _a(Por)
072 _aL01; U10
_b5214
_b9410
090 _ 5214 BR0700339
100 1 _aRebouças, G.F.
110 1 _aUniversidade Federal de Lavras, MG (Brasil)
_0Tese (Mestrado)
245 1 _aNovas funções para estimar a produção de leite em, 305 dias, de vacas da raça Gir
260 3 _aLavras, MG (Brasil):
_c2006.
300 _a53 p.
500 _aSummaries (Eng, Por); Bibliography p. 46-53; 10 illus.; 6 tables
650 _aGADO GIR
650 _aPRODUÇÃO LEITEIRA
650 _aCURVA DE LACTAÇÃO
650 _aESTIMATIVA
650 _aMODELO MATEMÁTICO
909 _a202309
_bLucia
_c55
_dLucia Elande
942 _cBK
999 _c70174
_d70174